عرض عادي
عرض مارك
- الفلسفة الإسلامية
مدخل مصطلح موضوعي
001 - رقم الضبط
- حقل الضبط: 55297
003 - معرف رقم الضبط
- حقل الضبط: OSt
005 - تاريخ ووقت أخر عملية
- حقل الضبط: 20160510124100.0
008 - عناصر بيانات ثابتة الطول
- حقل تحكم ثابت الطول: 160510|| aca||aabn | a|a d
040 ## - مصدر الفهرسة
- هيئة الفهرسة الأصلية: OSt
- وكالة الكتابة: OSt
150 ## - مدخل-- مصطلح تاريخي
- عنصر مدخل المصطلح الموضوعي او الاسم الجغرافي: الفلسفة الإسلامية
670 ## - بيانات المصدر موجوده
- الاستشهاد بالمصدر: Work cat.: (OSt): السفياني، عبدالله بن رفود 55295, ضوابط في النقد : , 2014
